| 000 | 00937nac a22002771u 4500 | ||
|---|---|---|---|
| 003 | EG-ScBUE | ||
| 005 | 20221013101000.0 | ||
| 008 | 221013s2003 maua f b 001 0 eng d | ||
| 020 | _a1405105356 | ||
| 020 | _a9781405105354 | ||
| 035 | _a(OCoLC)ocm50782784 | ||
| 040 |
_aEG-ScBUE _beng _erda _cEG-ScBUE _dEG-ScBUE |
||
| 082 | 0 | 4 |
_a720.9 _bTRA _222 |
| 245 | 0 | 0 |
_aTracing architecture : _bthe aesthetics of antiquarianism / _cedited by Dana Arnold and Stephen Bending. |
| 264 | 1 |
_aMalden, MA : _bBlackwell Publishing, _c2003. |
|
| 300 |
_a149 pages : _billustrations ; _c25 cm |
||
| 504 | _aIncludes bibliographical references and index. | ||
| 650 | 7 |
_aPrints, European _y18th century. _2BUEsh |
|
| 650 | 7 |
_aArchitecture in art. _2BUEsh |
|
| 650 | 7 |
_aArchitecture _xHistoriography. _2BUEsh |
|
| 653 | _bENGARC | ||
| 655 | _vReading book | ||
| 700 | 1 |
_aArnold, Dana, _eeditor. |
|
| 700 | 1 |
_aBending, Stephen, _eeditor. |
|
| 942 |
_cBB _2ddc |
||
| 999 |
_c2199 _d2199 |
||